01199nam a2200229 a 4500008004100000020001800041050001600059100001900075245005300094250001200147260002700159300002200186350000900208650001300217650004000230650003900270995016200309995016200471995015500633995016400788999001700952090421s2006 ||||||||||||||||| || u a9780750666671 aTH 3401 Dou aDouglas, James10aBuilding adaptation -- 2nd ed.cby James Douglas a2nd ed. aLondonbElsevierc2006 axxii, 651p.: ill. a0.00 aBUILDING aBUILDINGS--RENOVATIONS, MAINTENANCE aBUILDINGS--REPAIR AND CONSTRUCTION aANNEX COLLECTION (Main Library)D0.00e740912FCBU-MAIN LIBRARY (Kitwe)H1I0.00jTH 3401 DouM3UAVAILABLEWMar 5, 2010y740912ZAnnex Low-Usage Collection  aANNEX COLLECTION (Main Library)D0.00e740911FCBU-MAIN LIBRARY (Kitwe)H1I0.00jTH 3401 DouM2UAVAILABLEWMar 5, 2010y740911ZAnnex Low-Usage Collection  aMAIN LIBRARY OPEN ACCESSe742944FCBU-MAIN LIBRARY (Kitwe)I0.00jTH 3401 DouM4UAVAILABLEWJun 25, 2012y742944ZMain Library Open Access Collection aMAIN LIBRARY OPEN ACCESSD0.00e739509FCBU-MAIN LIBRARY (Kitwe)H1I0.00jTH 3401 DouM1UAVAILABLEWApr 21, 2009y739509ZMain Library Open Access Collection c78896d78896